|
|
|
|
| LEADER |
01008nam a22002297a 4500 |
| 001 |
BD-DhAAL |
| 003 |
BD-DhAAL |
| 005 |
20160219182352.0 |
| 008 |
160206m20141985bd ||||| |||| 00| 0 ben d |
| 020 |
|
|
|a 9847015601805
|
| 040 |
|
|
|a BD-DhAAL
|c BD-DhAAL
|
| 082 |
|
|
|a 891/.4437
|
| 100 |
|
|
|a জহির, শহীদুল
|9 17734
|
| 245 |
|
|
|a পারাপার /
|c শহীদুল জহির
|
| 260 |
|
|
|a ঢাকা :
|b মাওলা ব্রাদার্স,
|c ২০১৪.
|
| 300 |
|
|
|a ৬২ পৃ. ;
|c ২২ সে.মি.
|
| 541 |
|
|
|e 8314
|
| 650 |
|
|
|a Bengali fiction.
|9 17735
|
| 942 |
|
|
|2 ddc
|c BK
|
| 999 |
|
|
|c 36769
|d 36769
|
| 952 |
|
|
|0 0
|1 0
|2 ddc
|4 0
|6 891_000000000000000__4437_ZAH
|7 0
|9 57858
|a SCL
|b SCL
|c GEN
|d 2016-02-06
|g 160.00
|l 4
|m 8
|o 891.4437 ZAH
|p 3020008314
|q 2026-08-19
|r 2026-01-14
|s 2026-01-14
|t 1
|w 2016-02-06
|y BK
|
| 952 |
|
|
|0 0
|1 0
|2 ddc
|4 0
|6 891_000000000000000__4437_ZAH
|7 0
|9 57953
|a SCL
|b SCL
|c GEN
|d 2016-02-08
|g 160.00
|l 3
|m 12
|o 891.4437 ZAH
|p 3020008315
|r 2020-03-11
|s 2020-01-16
|t 2
|w 2016-02-08
|y BK
|